000 00440nam a22001337a 4500
005 20251008100022.0
008 251008b |||||||| |||| 00| 0 eng d
020 _a9789785593617
100 _aThomas Dapo
245 _aThe political Economy of Nigeria-United States relations
_b/the Political Economy of Nigeria- United States relations
_c/Dapo Thomas
260 _aIbadan
_bJohn Archers ltd
_c2018
300 _a258p
_c22cm
942 _2ddc
_cBK
_n0
999 _c90
_d90